Csoportmunka hatása a BGE-PSZK hallgatók között

Bibliographic Details
Main Author: Ádám Karina
Other Authors: Szászvári Dr. Karina Ágnes
Csordás Dr. Boglárka
Format: Thesis
Kulcsszavak:csoportmunka
Csoportdinamika
BGE-PSZK
Online Access:http://dolgozattar.uni-bge.hu/22087

MARC

LEADER 00000nta a2200000 i 4500
001 dolg22087
005 20190516092106.0
008 190516suuuu hu om 000 hun d
040 |a BGE Dolgozattár Repozitórium  |b hun 
041 |a hu 
100 1 |a Ádám Karina 
245 1 0 |a Csoportmunka hatása a BGE-PSZK hallgatók között  |c Ádám Karina  |h [elektronikus dokumentum] 
246 1 1 |a Csoportmunka hatása a BGE-PSZK hallgatók között 
246 1 1 |a Effect of group work on BGE-PSZK students. 
520 3 |a A prezentációs csoportmunka hatékonyságának vizsgálata a BGE-PSZK hallgatók között. 
695 |a csoportmunka 
695 |a Csoportdinamika 
695 |a BGE-PSZK 
700 1 |a Szászvári Dr. Karina Ágnes  |e ths 
700 1 |a Csordás Dr. Boglárka  |e ths 
856 4 0 |u http://dolgozattar.uni-bge.hu/22087/1/Szakdolgozat2019.pdf  |z Dokumentum-elérés